Detalles MARC
| 000 -CABECERA |
| campo de control de longitud fija |
01179nam a2200205 a 4500 |
| 001 - NÚMERO DE CONTROL |
| campo de control |
000043250 |
| 005 - FECHA Y HORA DE LA ÚLTIMA TRANSACCIÓN |
| campo de control |
20201002040746.0 |
| 008 - DATOS DE LONGITUD FIJA--INFORMACIÓN GENERAL |
| campo de control de longitud fija |
140303s2009 sp 000 0 spa d |
| 020 ## - NÚMERO INTERNACIONAL ESTÁNDAR DEL LIBRO |
| Número Internacional Estándar del Libro |
9788483471050 |
| 040 ## - FUENTE DE LA CATALOGACIÓN |
| Centro catalogador/agencia de origen |
DO-SdBNP |
| Lengua de catalogación |
spa |
| Centro/agencia transcriptor |
BNPHU |
| 041 17 - CÓDIGO DE LENGUA |
| Código de lengua del texto/banda sonora o título independiente |
spa. |
| Código de lengua original |
alb. |
| 245 00 - MENCIÓN DE TÍTULO |
| Título |
Arberia-Sefarad : |
| Resto del título |
en el espejo del otro, las relaciones entre Skanderbeg y la corona de Aragón y las experiencias paralelas de los Sefardíes y los Arberesh =Arbëria-Sefaradi: në pasqyrën e tjetrit : marrëdhëniet ndërmjet Skënderbeut dhe Kuröres së Aragonës dhe eksperiencat paralele të sefardive dhe të arbëreshëve / |
| Mención de responsabilidad, etc. |
Manuel Montobbio, [et al.]. |
| 246 10 - FORMA VARIANTE DE TÍTULO |
| Título propio/Titulo breve |
Arbëria-Sefaradi : në pasqyrën e tjetrit : marrëdhëniet ndërmjet Skënderbeut dhe Kuröres së Aragonës dhe eksperiencat paralele të sefardive dhe të arbëreshëve |
| 260 ## - PUBLICACIÓN, DISTRIBUCIÓN, ETC. |
| Lugar de publicación, distribución, etc. |
Madrid : |
| Nombre del editor, distribuidor, etc. |
Agencia Española de Cooperación Internacional para el Desarrollo, |
| Fecha de publicación, distribución, etc. |
2009. |
| 300 ## - DESCRIPCIÓN FÍSICA |
| Extensión |
177 p. : |
| Otras características físicas |
il.,+CD. ; |
| Dimensiones |
24 cm. |
| 490 1# - MENCIÓN DE SERIE |
| Mención de serie |
Ciencias y humanismo |
| 546 ## - NOTA DE LENGUA/LENGUAJE |
| Nota de lengua/lenguaje |
textos en castellano y albanès |
| 504 ## - NOTA DE BIBLIOGRAFÍA, ETC. |
| Nota de bibliografía, etc. |
Incluye referencias bibliográficas y notas al pie de las páginas |
| 830 #0 - PUNTO DE ACCESO ADICIONAL DE SERIE-TÍTULO UNIFORME |
| Título uniforme |
Ciencias y humanismo |
| 9 (RLIN) |
70218 |